| 000 | 00501nam a2200145 4500 | ||
|---|---|---|---|
| 999 |
_c512684 _d512684 |
||
| 008 | 191207b ||||| |||| 00| 0 eng d | ||
| 100 |
_aGreasley, Stephen _914363 |
||
| 245 | _aMutual dependence or state dominance?: Large private suppliers and the British state 2010-15 | ||
| 260 | _bPublic Administration | ||
| 300 | _a97(2), 2019: p.451-466. | ||
| 650 |
_aContracting out - United Kingdom _914364 |
||
| 773 | _aPublic Administration | ||
| 906 | _aOutsourcing - United Kingdom | ||
| 942 |
_2ddc _cAR |
||